Wird geladen...

മലയാള റഷ്യന്‍ നിഘണ്ടു

Bibliographische Detailangaben
Hauptverfasser: നാരായണന്‍കുട്ടി ഉണ്ണികൃഷ്ണന്‍, Narayanan Kutty Unnikrishnan
Format: Printed Book
Veröffentlicht: Mosso; Soviet Encyclopedia Press; 1971
Ausgabe:1st
Schlagworte:
LEADER 00762nam a22001817a 4500
082 |a 413  |b NAR/M L1 
100 |a നാരായണന്‍കുട്ടി ഉണ്ണികൃഷ്ണന്‍  |9 227827 
100 |a Narayanan Kutty Unnikrishnan  |9 227829 
240 |a Malayala Russian Nighandu 
245 |a മലയാള റഷ്യന്‍ നിഘണ്ടു 
250 |a 1st 
260 |a Mosso;  |b Soviet Encyclopedia Press;  |c 1971 
300 |a 871p. 
650 |a മലയാളം ;നിഘണ്ടു   |9 227831 
650 |a Malayalam ; Dictionry  |9 227833 
942 |c BK 
999 |c 56497  |d 56497 
952 |0 0  |1 0  |4 0  |6 413_000000000000000_NAR_M_L7  |7 0  |8 REFDIC  |9 67562  |a MAL  |b MAL  |d 2016-07-18  |e 17591  |l 0  |o 413 NAR/M L7  |p MAL017591  |r 2016-07-18  |t 1  |w 2016-07-18  |y REF